|
|
|
|
| LEADER |
02336nam a2200625 i 4500 |
| 001 |
nkc20182987865 |
| 003 |
CZ PrNK |
| 005 |
20180607095711.0 |
| 007 |
ta |
| 008 |
180522s2018 xr a f 001 0 cze |
| 015 |
|
|
|a cnb002987865
|
| 020 |
|
|
|a 978-80-248-4162-5
|q (brožováno)
|
| 035 |
|
|
|a (OCoLC)1039840282
|
| 040 |
|
|
|a ABA001
|b cze
|e rda
|
| 041 |
0 |
|
|a cze
|b cze
|b eng
|
| 043 |
|
|
|a e-xr---
|
| 072 |
|
7 |
|a 366
|x Ochrana spotřebitele. Chování spotřebitele
|2 Konspekt
|9 18
|
| 080 |
|
|
|a 366.1
|2 MRF
|
| 080 |
|
|
|a 316.346.36
|2 MRF
|
| 080 |
|
|
|a 663/664
|2 MRF
|
| 080 |
|
|
|a 663/664-021.465
|2 MRF
|
| 080 |
|
|
|a 658.626-021.465
|2 MRF
|
| 080 |
|
|
|a (437.3)
|2 MRF
|
| 080 |
|
|
|a (048.8)
|2 MRF
|
| 100 |
1 |
|
|a Velčovská, Šárka,
|d 1971-
|7 mzk2005279166
|4 aut
|
| 245 |
1 |
0 |
|a Zhodnocení mezigeneračních postojů českých spotřebitelů ke značkám kvality potravin /
|c Šárka Velčovská
|
| 250 |
|
|
|a 1. vydání
|
| 264 |
|
1 |
|a Ostrava :
|b VŠB-TU Ostrava,
|c 2018
|
| 300 |
|
|
|a 262 stran :
|b ilustrace (převážně barevné) ;
|c 24 cm
|
| 336 |
|
|
|a text
|b txt
|2 rdacontent
|
| 337 |
|
|
|a bez média
|b n
|2 rdamedia
|
| 338 |
|
|
|a svazek
|b nc
|2 rdacarrier
|
| 490 |
1 |
|
|a Series on Advanced Economic Issues
|
| 500 |
|
|
|a 300 výtisků
|
| 504 |
|
|
|a Obsahuje bibliografie a rejstřík
|
| 546 |
|
|
|a České a anglické resumé
|
| 650 |
0 |
7 |
|a spotřebitelské chování
|7 ph125966
|z Česko
|2 czenas
|
| 650 |
0 |
7 |
|a generace
|7 ph200846
|z Česko
|2 czenas
|
| 650 |
0 |
7 |
|a potraviny
|7 ph115833
|z Česko
|2 czenas
|
| 650 |
0 |
7 |
|a kvalita potravin
|7 ph135653
|z Česko
|2 czenas
|
| 650 |
0 |
7 |
|a značky kvality
|7 ph995325
|z Česko
|2 czenas
|
| 650 |
0 |
9 |
|a consumer behavior
|z Czechia
|2 eczenas
|
| 650 |
0 |
9 |
|a generations
|z Czechia
|2 eczenas
|
| 650 |
0 |
9 |
|a foodstuffs
|z Czechia
|2 eczenas
|
| 650 |
0 |
9 |
|a food quality
|z Czechia
|2 eczenas
|
| 650 |
0 |
9 |
|a quality marks
|z Czechia
|2 eczenas
|
| 655 |
|
7 |
|a monografie
|7 fd132842
|2 czenas
|
| 655 |
|
9 |
|a monographs
|2 eczenas
|
| 810 |
2 |
|
|a Vysoká škola báňská - Technická univerzita Ostrava.
|b Ekonomická fakulta.
|t Series on advanced economic issues
|0 s
|
| 910 |
2 |
|
|a BOA001
|b 2-1409.301
|
| 928 |
9 |
|
|a Vysoká škola báňská - Technická univerzita
|
| 990 |
|
|
|a BK
|
| 995 |
|
|
|a 01
|
| 991 |
|
|
|b 201805
|c NOV
|
| 996 |
6 |
|
|b 2610744384
|c 2-1409.301
|l MZK
|r Sklad / do 1 hodiny
|n 13
|p p.v.
|w 001665530
|u 000010
|a 1
|e BOA001
|j MZK50
|s P
|